000 00295nam a22001337a 4500
008 260105b ||||| |||| 00| 0 eng d
020 _a9789951635554
041 _aeng
080 _a008
100 _a24
101 _agaz
245 _aTerrorizimi Kompjuterik
_cEnver Buçaj
942 _2lcc
_cBK
999 _c60745
_d60745